000 00622nam a22001817a 4500
005 20251108165531.0
008 250721s1970 xx 000 0 ara d
082 1 4 _a320.54956/موس
100 1 _aالموسى، سليمان
245 1 0 _aالحركة العربية :
_bسيرة المرحلة الأولى للنهضة العربية الحديثة 1908-1924 /
264 1 _aبيروت :
_bدار النهار،
_c1970.
300 _a680ص
650 1 7 _aالقومية العربية
650 1 7 _aالأوضاع السياسية
650 1 7 _aالتاريخ السياسي
942 _2ddc
_cBK
999 _c30172
_d30172